Tìm hiểu máy tính điện tử
Guardado en:
| Autor principal: | |
|---|---|
| Formato: | Libro |
| Lenguaje: | Undetermined |
| Publicado: |
Hà Nội
Tiến Bộ
1975
|
| Etiquetas: |
Agregar Etiqueta
Sin Etiquetas, Sea el primero en etiquetar este registro!
|
| Thư viện lưu trữ: | Trung tâm Học liệu Trường Đại học Cần Thơ |
|---|
| LEADER | 00446nam a2200157Ia 4500 | ||
|---|---|---|---|
| 001 | CTU_46209 | ||
| 008 | 210402s9999 xx 000 0 und d | ||
| 082 | |a 621.38195 | ||
| 082 | |b H108 | ||
| 100 | |a [...Hào] | ||
| 245 | 0 | |a Tìm hiểu máy tính điện tử | |
| 245 | 0 | |c [...Hào], Hoàng Kiềm | |
| 260 | |a Hà Nội | ||
| 260 | |b Tiến Bộ | ||
| 260 | |c 1975 | ||
| 980 | |a Trung tâm Học liệu Trường Đại học Cần Thơ | ||